Evaluación de las propiedades fisicoquímicas de la broza del café al ser sometida a un tratamiento biológico y su impacto potencial como materia prima en posteriores procesos biológicos o termoquímicos
Saved in:
| Main Author: | |
|---|---|
| Format: | Book |
| Published: |
San José, Costa Rica
2014
|
| Subjects: | |
| Tags: |
Add Tag
No Tags, Be the first to tag this record!
|
MARC
| LEADER | 00000nam a22000007a 4500 | ||
|---|---|---|---|
| 003 | 012075 | ||
| 005 | 20221231143854.0 | ||
| 008 | 150218b2014 cr a|||| |||| 00| 0 s d | ||
| 040 | |c cru CEDI | ||
| 090 | |a TFG 7241 | ||
| 100 | |9 87 |a Valverde Camacho, Edgar | ||
| 245 | |a Evaluación de las propiedades fisicoquímicas de la broza del café al ser sometida a un tratamiento biológico y su impacto potencial como materia prima en posteriores procesos biológicos o termoquímicos | ||
| 260 | |a San José, Costa Rica |c 2014 | ||
| 500 | |a Proyecto de graduación (licenciatura en ingeniería química)--Universidad de Costa Rica. Facultad de Ingeniería. Escuela de Ingeniería Química | ||
| 650 | |x FERMENTACION |x BROZA DE CAFE |x RESIDUOS AGRICOLAS |x APROVECHAMIENTO DE RESIDUOS |x BIOMASA |x GASIFICACION DE LA BIOMASA |x PROPIEDADES FISICOQUIMICAS - EVALUACION |x BROZA DE CAFE - COMPOSICION QUIMICA |9 88 | ||
| 942 | |c TFG | ||
| 999 | |c 13536 |d 13536 | ||
